00403nam a2200157Ia 4500008004100000020001800041245004000059245004700099260001500146260001600161260000900177300001600186300002500202300001000227500000800237170705s9999 xx 000 0 und d a9780142403884 aCharlie and the chocolate factory / cRoald Dahl ; illustrated by Quentin Blake. aNew York : bScholastic, c1995 a155 pages : bcolor illustration ; c20cm. a810